| 000 | 01049nam a2200313u 4500 | ||
|---|---|---|---|
| 001 | 36504 | ||
| 003 | BD-RjUL | ||
| 005 | 20211209052509.0 | ||
| 008 | 140624s1899 nyucfh b 000 0 eng | ||
| 035 | _a(BD-RjUL)36604 | ||
| 040 |
_aDLC _cDLC _dBD-RjUL _beng |
||
| 041 | _aeng | ||
| 082 |
_a321.80973 _bTOD V-1 1899 |
||
| 100 | 1 |
_aTocqueville, Alexis de _d1805-1859. _976828 |
|
| 245 | 1 | 0 |
_aDemocracy in America / _c Alexis de Tocqueville, Hon . John T. Morgan, Hon. John J. Ingalls _nV-1 |
| 250 | _aRev. ed. | ||
| 260 |
_aNew York : _bThe Colonial press, _c[c1899] |
||
| 300 |
_axvii, 442 p. : _bill., fronts. (ports.) plates, facsims. ; _c23 cm. |
||
| 504 | _aIncludes Bibliography. | ||
| 650 | 0 |
_aDemocracy. _9111137 |
|
| 651 | 0 |
_aUnited States _xPolitics and government. _9111138 |
|
| 651 | 0 |
_aUnited States _xSocial conditions. _9111139 |
|
| 700 | 1 |
_aMorgan, Hon . John T. _9111140 |
|
| 700 | 1 |
_aIngalls, Hon. John J. _9111141 |
|
| 942 |
_2ddc _cBK |
||
| 999 |
_c36504 _d36504 |
||